Estudio de las piedras preciosas, su historia y caracteres en bruto y labradas (Record no. 159824)

MARC details
000 -LEADER
campo de control de longitud fija 01022nam a22002415i 4500
001 - NÚMERO DE CONTROL
campo de control 159824
003 - IDENTIFICADOR DE NÚMERO DE CONTROL
campo de control ES-MaACL
005 - FECHA Y HORA DE LA ÚLTIMA TRANSACCIÓN
campo de control 20230906211821.0
008 - DATOS DE LONGITUD FIJA--INFORMACIÓN GENERAL
campo de control de longitud fija 940202s1870 sp a |||| | spa d
040 ## - FUENTE DE CATALOGACIÓN
Centro catalogador/agencia de origen CAM
Lengua de catalogación spa
100 1# - ENTRADA PRINCIPAL--NOMBRE DE PERSONA
Nombre de persona Miró, Jose Ignacio.
9 (RLIN) 223223
245 10 - MENCIÓN DEL TÍTULO
Título Estudio de las piedras preciosas, su historia y caracteres en bruto y labradas
Resto del título : con la descripción de las joyas más notables de la corona de España y del Monasterio del Escorial /
Mención de responsabilidad, etc. por Jose Ignacio Miró.
260 ## - PUBLICACIÓN, DISTRIBUCIÓN, ETC.
Lugar de publicación, distribución, etc. Madrid :
Nombre del editor, distribuidor, etc. [s.n.],
Fecha de publicación, distribución, etc. 1870 (
Fabricante imprenta á cargo de C. Moro)
300 ## - DESCRIPCIÓN FÍSICA
Extensión 288 p., [12] h. de lám. ;
Dimensiones 25 cm.
530 ## - NOTA DISPONIBLE DE FORMULARIO FÍSICO ADICIONAL
Nota de formato físico adicional disponible Disponible en formato digital.
599 ## - NOTA A LAS ILUSTRACIONES
NOTA A LAS ILUSTRACIONES Las h. de grab. lit. y calc.
650 #4 - PUNTO DE ACCESO ADICIONAL DE MATERIA--TÉRMINO DE MATERIA
Término de materia o nombre geográfico como elemento de entrada Piedras preciosas.
9 (RLIN) 15997
650 #4 - PUNTO DE ACCESO ADICIONAL DE MATERIA--TÉRMINO DE MATERIA
Término de materia o nombre geográfico como elemento de entrada Joyas-
Subdivisión geográfica España.
9 (RLIN) 136322
650 #4 - PUNTO DE ACCESO ADICIONAL DE MATERIA--TÉRMINO DE MATERIA
Término de materia o nombre geográfico como elemento de entrada Joyas reales-
Subdivisión geográfica España.
9 (RLIN) 136321
852 ## - LOCALIZACIÓN
Ubicación ES-MaACL
Número de control de estantería G-11013
Nota libre -- Enc. tela con cantos dorados
856 ## - LOCALIZACIÓN Y ACCESO ELECTRÓNICOS
Identificador Uniforme de Recursos <a href="http://bdh-rd.bne.es/viewer.vm?id=0000058327&page=1 ">http://bdh-rd.bne.es/viewer.vm?id=0000058327&page=1 </a>
Nota pública Biblioteca Digital Hispánica
Holdings
Estatus retirado Estado de pérdida Estado de daño No para préstamo Colección Biblioteca de origen Biblioteca actual Ubicación en estantería Fecha de adquisición Fuente de adquisición Total de préstamos Signatura topográfica completa Código de barras Visto por última vez Precio de reemplazo Tipo de ítem Koha
        Colección digital Biblioteca del Ateneo de Madrid Biblioteca del Ateneo de Madrid Sala Pecera Planta 3 17/01/2008     G-11013 1167313 23/02/2023 23/02/2023 Libro impreso antiguo